Loading...

Adiyanthravastha: Iruttinte nilavilikal

Bibliographic Details
Main Author: Sreedharan pillai, P S
Format: Printed Book
Published: Kozhikode Mathrubhumi 2017
LEADER 00389nam a22001097a 4500
082 |a 894.8124  |b SRE.A 
100 |a Sreedharan pillai, P S 
245 |a Adiyanthravastha: Iruttinte nilavilikal 
260 |a Kozhikode  |b Mathrubhumi  |c 2017 
942 |c BK 
999 |c 22724  |d 22724 
952 |0 0  |1 0  |4 0  |6 894_812400000000000_SRE_A  |7 0  |9 25384  |a CAMPUS  |b CAMPUS  |d 2018-05-08  |l 0  |o 894.8124 SRE.A  |p 25559  |r 2018-05-08  |w 2018-05-08  |y BK